1ras. Jornadas nacionales de zonas áridas y semiáridas. Resúmenes de trabajos presentados : IX Reunión de CAPERAS. Comité argentino para el estudio de las zonas áridas y semiáridas . VI Reunión de intercambio tecnológico /
Guardado en:
| Autor Corporativo: | |
|---|---|
| Formato: | Libro |
| Idioma: | Spanish |
| Publicado: |
[Santiago del Estero],
[1988]
|
| Etiquetas: |
Agregar Etiqueta
Sin Etiquetas, Sea el primero en etiquetar este registro!
|
| LEADER | 00762nam a22001335a 4500 | ||
|---|---|---|---|
| 001 | EEA.libagro010039 | ||
| 005 | 20190416132207.0 | ||
| 008 | 130809s1988####ag#a##########100#0#spa#d | ||
| 082 | 0 | 4 | |a 333.73 |
| 111 | 2 | |a Jornadas nacionales de zonas áridas y semiáridas |n (1 : |d 20 al 24 de octubre de 1987 : |c Santiago del Estero) | |
| 245 | 1 | 0 | |a 1ras. Jornadas nacionales de zonas áridas y semiáridas. Resúmenes de trabajos presentados : |b IX Reunión de CAPERAS. Comité argentino para el estudio de las zonas áridas y semiáridas . VI Reunión de intercambio tecnológico / |c Organizadas por la Universidad Nacional de Santiago del Estero. |
| 260 | |a [Santiago del Estero], |c [1988] | ||
| 300 | |a 105 p. : |b il. ; |c 33 cm. | ||
| 859 | |a AR-BbBCA |b BIB. AGRONOMIA |h 333.73 |i J82-1 1 1987 |p 1989/1274 | ||
